MDQL
is popping MORE tags! Check the
thread
!
Quizzes
Events
Quiz Creation
Community
Videos
Private Events
Remove Ads
Sign In
Join for FREE
Feedback
Dark Mode
Quiz Categories
Sports
Geography
Music
Movies
Television
Just For Fun
Miscellaneous
History
Literature
Language
Science
Gaming
Entertainment
Religion
Holiday
For Kids
Quiz Lab
Recent
Popular Today
Quiz Kudos Today
Editor Picks
Curator Picks
Quizzes by...
Day
Popularity
Type
Ratings
Length
Year
Community
Subscriptions
Recent Discussions
Orange Saloon
Badges
Playlists
Quests
Create
Leaderboards
Showdown
Live 5
Trivia Bingo
Activity
Puzzle Library
Sporcle Events
Private Events
Virtual Trivia
Globe League
Become a Host
Pub Owners
SporcleCon
Opinionation
Our Games
Videos
Blog
Mobile Apps
Partnerships
Remove Ads and Go Orange
Feedback
Sports
Athletes
MLB
NBA
NHL
NFL
Soccer
Sports Teams
WWE
NCAA
Football
Premier League
Basketball
Baseball
Hockey
Golf
Tennis
Cricket
Rugby
Auto Racing
Olympics
World Cup
Sports
Athletes
MLB
NBA
NHL
NFL
Soccer
Sports Teams
WWE
NCAA
Football
Premier League
Basketball
Baseball
Hockey
Golf
Tennis
Cricket
Rugby
Auto Racing
Olympics
World Cup
Random Quiz
Search Sporcle
×
Quiz Lab
Quiz Lab
Sports
NFL
Type in answers that appear in a list
Type in answers that appear in a list
Classic
Best Score? Go Orange.
NFL Receiving Yards Leaders By Year Stats
Can you name the NFL Receiving Yards Leaders?
By
AndreJ80
12m
78 Questions
414 Plays
414 Plays
414 Plays
Comments
Comments
Give Quiz Kudos
Give Quiz Kudos
-
- Ratings
hide this ad
Replay
Link that replays current quiz
Next Quiz
Link to next quiz in quiz playlist
You Got
0%
They Got
Avg Score
36%
Avg Friend Score
Upgrade to see
Score Distribution
Jump to the score distribution portion of the page
Score
0/78
Timer
12:00
0
Plays Today
Year
Player
% Correct
2008
Andre Johnson
96.4%
2009
Andre Johnson
96.4%
2006
Chad Ochocinco
95.4%
2002
Marvin Harrison
94.9%
1999
Marvin Harrison
94.9%
2005
Steve Smith
94.7%
1995
Jerry Rice
93.5%
1994
Jerry Rice
93.5%
1993
Jerry Rice
93.5%
1990
Jerry Rice
93.5%
1989
Jerry Rice
93.5%
1986
Jerry Rice
93.5%
2007
Reggie Wayne
93%
1987
J.T. Smith
93%
2003
Torry Holt
92%
2000
Torry Holt
92%
1996
Isaac Bruce
87.7%
1991
Michael Irvin
83.3%
2004
Muhsin Muhammad
74.2%
1992
Sterling Sharpe
64.5%
1979
Steve Largent
62.8%
1985
Steve Largent
62.8%
1998
Antonio Freeman
61.1%
2001
David Boston
54.3%
1938
Don Hutson
33.1%
1944
Don Hutson
33.1%
1943
Don Hutson
33.1%
1939
Don Hutson
33.1%
1936
Don Hutson
33.1%
1942
Don Hutson
33.1%
1941
Don Hutson
32.9%
1968
Lance Alworth
31.2%
1965
Lance Alworth
31.2%
1966
Lance Alworth
31.2%
1973
Harold Carmichael
30.4%
1972
Harold Jackson
29.5%
1997
Rob Moore
28.7%
1988
Henry Ellard
28.5%
1971
Otis Taylor
24.9%
Year
Player
% Correct
1967
Don Maynard
23.7%
1959
Raymond Berry
22.5%
1984
Roy Green
22.5%
1957
Raymond Berry
22.5%
1933
Paul Moss
22.2%
1978
Wesley Walker
20.8%
1980
John Jefferson
19.6%
1983
Mike Quick
19.1%
1977
Drew Pearson
17.1%
1974
Cliff Branch
16.9%
1951
Elroy Hirsch
15.5%
1982
Wes Chandler
14.3%
1970
Gene A. Washington
11.4%
1963
Bobby Mitchell
11.1%
1962
Bobby Mitchell
11.1%
1964
Charley Hennigan
9.9%
1961
Charley Hennigan
9.9%
1981
Alfred Jenkins
8.2%
1950
Tom Fears
6.8%
1955
Pete Pihos
6.3%
1953
Pete Pihos
6.3%
1949
Mac Speedie
5.6%
1947
Mac Speedie
5.6%
1975
Ken Burrough
5.1%
1976
Roger Carr
4.8%
1956
Billy Howton
3.1%
1952
Billy Howton
3.1%
1969
Warren Wells
2.9%
1960
Bill Groman
2.4%
1946
Jim Benton
2.2%
1945
Jim Benton
2.2%
1958
Del Shofner
1.7%
1954
Bob Boyd
1.4%
1932
Ray Flaherty
1.2%
1940
Don Looney
1%
1937
Gaynell Tinsley
0.7%
1935
Charley Malone
0.7%
1934
Harry Ebding
0.5%
1948
Billy Hillenbrand
0%
Quiz Playlist
Details
Report
Send in Message
Add To Playlist
Classic:
Type in answers that appear in a list
Last Updated: Feb 16, 2017
Quiz Scoreboard
CHALLENGE
Sign Up to Join the Scoreboard
Show All
Scores
Hide
Comments
May contain spoilers
Recently Published
1-10 Letter E Words III
by El_Dandy
Language
2m
Street Fighter Characters
by Artimus82
Gaming
60s
College Basketball Coaching Resumes
by pancakes188
Sports
9m
More to Explore
Quiz From the Vault
Featured Blog Post
Where Did the Easter Bunny Come From?
hide this ad
You Might Also Like...
Tags
NFL Quiz
Player
Receiving
Receiving Yards
team
Yard
Today's Top Quizzes in Sports
Browse Sports
hide this ad
Today's Top Quizzes in NFL
Browse NFL
Top Contributed Quizzes in Sports
1
2022 World Cup Stars
2
Les meilleurs buteurs des matchs entre le PSG et l’OM
3
FIFA Club World Cup Champions
4
Les entraîneurs de l'OM et du PSG au 21e siècle
5
Criteria MLB: Left Handed Sluggers
6
2023 MLB Unique Player Accomplishments
7
AFC Teams Reveal (Wrong Answers Minefield)
8
Players with Multiple 50 Home Run Seasons
9
5-to-1: FBS Animal Nicknames
10
5-to-1: UK Sports Teams
Explore More
Trending Topics
Marvel
Crossword
Disney
NBA
Anime
Harry Potter
Kpop
Pokémon
Song
Soccer
The Office
Puzzle
WWE
NFL
Country
hide this ad
More By:
AndreJ80
Quiz
Plays
Rating
Category
Featured
Created
NFL Receiving Yards Leaders By Year
414
2.00
Sports
Feb 14, 2010
Random Words by Dictionary Definitions
136
2.00
Language
Feb 19, 2010
Go to Creator's Profile
Score Distribution
Quiz Creator Spotlight
AndreJ80
Follow
Send a Message
Quizzes Created
-
Created Quiz Play Count
-
More By This Creator
Popular Quizzes Today
1
Find the US States - No Outlines Minefield
2
Find the Countries of Europe - No Outlines Minefield
3
The Countries of the World
4
Find the US States
5
Risky Map Clicking: Biggest States A-Z
6
US States
7
Popular People in 1961
8
Movies - When Are They Set?
More Sports Quizzes
Men's Test Cricket: England v Pakistan Top 10s
Editor's Pick
Trending Quizzes
Risky Map Clicking: Least Populous States A-Z
Billboard Blitz: Aretha Franklin
Famous Russians: Author or Composer?
Countries of the World: 200 Million BC
1-10 Letter G Words
Recently Updated
Leaping Animals
pecheneg
Reality TV Shows (A-Z)
bhenderson79
Rickey Henderson's Hall of Fame Teammates
pecheneg
Champions League XIs: Arsenal
pecheneg
Quick Pick: Celebrities in WWE's Hall of Fame
aduchscher
A-Z Keypad Blitz II
pecheneg
Multiple Oscar Actors
pecheneg
Mystery Phrase Blitz: Oscar 'Best Actors'
pecheneg
F. Scott Fitzgerald Novels
LTH
Pick 3 Villains
ddd62291
Trending Topics
NBA
Marvel
Crossword
Disney
Kpop
Harry Potter
Anime
WWE
Country
Song
The Office
Puzzle
Pokémon
Soccer
NFL
Your Account Isn't Verified!
In order to create a playlist on Sporcle, you need to verify the email address you used during registration. Go to your
Sporcle Settings
to finish the process.
Report this User
Report this user for behavior that violates our
Community Guidelines
.
Details:
Send Report
Go to the Sporcle.com Mobile Site →
Comments